|
|
|
|
| LEADER |
00000nam0a2200000 4500 |
| 001 |
160406 |
| 005 |
20231031155548.0 |
| 010 |
|
|
|a 9785942113179
|
| 035 |
|
|
|a (RuTPU)RU\TPU\book\173942
|
| 090 |
|
|
|a 160406
|
| 100 |
|
|
|a 20090521d2007 k y0rusy50 ca
|
| 101 |
0 |
|
|a rus
|
| 102 |
|
|
|a RU
|
| 105 |
|
|
|a a z 001zy
|
| 200 |
1 |
|
|a Современные проблемы горной науки
|f под ред. В. С. Литвиненко
|
| 210 |
|
|
|d 2007
|
| 215 |
|
|
|a 220 с.
|c ил.
|
| 225 |
1 |
|
|a Записки Санкт-Петербургского государственного горного института им. Г. В. Плеханова (Технического университета)
|v Т. 172
|
| 320 |
|
|
|a Библиогр. в конце статей
|
| 330 |
|
|
|a В 172-м томе «Записок Горного института» приведены результаты научных исследований по геомеханике, геотехнологии, маркшейдерскому делу, геоэкологии и безопасности в горной промышленности. Тематика научных статей связана с геомеханикой при строительстве горных выработок и подземных сооружений и технологией разработки месторождений твердых полезных ископаемых открытым и подземным способами, маркшейдерским сопровождением горных работ и повышением их безопасности, оценкой техногенного воздействия на экосистемы и природную среду. Сборник предназначен для научных работников вузов, научно-исследовательских институтов и других организаций, инженерно-технических работников заинтересованных министерств и ведомств, может быть использован в учебном процессе.
|
| 606 |
1 |
|
|a Горное дело
|x Научно-исследовательская работа
|2 stltpush
|3 (RuTPU)RU\TPU\subj\7575
|
| 610 |
1 |
|
|a горные науки
|
| 610 |
1 |
|
|a геомеханика
|
| 610 |
1 |
|
|a геотехнологии
|
| 610 |
1 |
|
|a маркшейдерское дело
|
| 610 |
1 |
|
|a горная промышленность
|
| 610 |
1 |
|
|a безопасность
|
| 610 |
1 |
|
|a геоэкология
|
| 610 |
1 |
|
|a подземные сооружения
|
| 610 |
1 |
|
|a полезные ископаемые
|
| 610 |
1 |
|
|a экосистемы
|
| 675 |
|
|
|a 622
|v 3
|
| 702 |
|
1 |
|a Литвиненко
|b В. С.
|4 340
|
| 801 |
|
1 |
|a RU
|b 63413507
|c 20090521
|g PSBO
|
| 801 |
|
2 |
|a RU
|b 63413507
|c 20090622
|g PSBO
|
| 942 |
|
|
|c BK
|